Minecraft 死亡ログ - Statistics

General Stats
  • This quiz has been taken 276 times
  • The average score is 13 of 96
Answer Stats
Hint Answer % Correct
(プレイヤー)は(プレイヤー)に 射抜かれた
68%
(プレイヤー)は(プレイヤー/Mob)の(アイテム)で 射抜かれた
68%
溶岩 (プレイヤー)は 溶岩遊泳を試みた
51%
(プレイヤー)は(プレイヤー/Mob)から逃れようと 溶岩遊泳を試みた
51%
(プレイヤー)は(プレイヤー/Mob)の(アイテム)で 殺された
42%
(プレイヤー)は 殺された
42%
溺没 (プレイヤー)は 溺れ死んだ
38%
(プレイヤー)は(プレイヤー/Mob)から逃れようとして 溺れ死んだ
38%
エリトラ (プレイヤー)は 運動エネルギーを体験した
35%
(プレイヤー)は(プレイヤー/Mob)から逃れようとして 運動エネルギーを体験した
35%
プレイヤー・Mob (プレイヤー)は(プレイヤー/Mob)に 殺害された
32%
(プレイヤー)は(プレイヤー/Mob)の(アイテム)で 殺害された
32%
(プレイヤー)は(プレイヤー/Mob)に 爆破された
30%
(プレイヤー)は(プレイヤー/Mob)の(アイテム)で 爆破された
30%
その他 (プレイヤー)は 死んだ
29%
(プレイヤー)は(プレイヤー/Mob)によって 死んだ
29%
(プレイヤー)は 死んだ
29%
(プレイヤー)は(プレイヤー/Mob)によって 死んだ
29%
(プレイヤー)は 高い所から落ちた
28%
爆発 (プレイヤー)は 爆発に巻き込まれた
27%
粉雪 (プレイヤー)は 凍え死んだ
27%
(プレイヤー)は(プレイヤー/Mob)によって 凍え死んだ
27%
衰弱 (プレイヤー)は 干からびた
23%
(プレイヤー)は 炎に巻かれた
20%
(プレイヤー)は こんがりと焼けた
19%
魔法 (プレイヤー)は 魔法で殺された
19%
(プレイヤー)は(プレイヤー/Mob)から逃れようとして 魔法で殺された
19%
落雷 (プレイヤー)は 雷に打たれた
18%
(プレイヤー)は 押しつぶされた
16%
(プレイヤー)は(プレイヤー/Mob)に 押しつぶされた
16%
(プレイヤー)は [ゲームの仕様]に殺された
14%
(プレイヤー)は(プレイヤー/Mob)と 同じワールドに住みたくなかった
12%
(プレイヤー)は(プレイヤー/Mob)に 落とされる運命だった
11%
(プレイヤー)は(プレイヤー/Mob)の(アイテム)で 落とされる運命だった
11%
(プレイヤー)は(プレイヤー/Mob)に 火だるまにされた
10%
(プレイヤー)は(プレイヤー/Mob)の(アイテム)で 火だるまにされた
10%
落下 (プレイヤー)は 地面と強く激突した
9%
(プレイヤー)は(プレイヤー/Mob)から逃れようとして 地面と強く激突した
9%
窒息 (プレイヤー)は 壁の中で窒息した
9%
雪玉 (プレイヤー)は(プレイヤー/Mob)によって ぺしゃんこにされた
8%
(プレイヤー)は(プレイヤー/Mob)の(アイテム)で ぺしゃんこにされた
8%
(プレイヤー)は はしごから落ちた
8%
飢餓 (プレイヤー)は 飢え死にした
8%
奈落 (プレイヤー)は 奈落の底へ落ちた
8%
(プレイヤー)は 落ちる運命だった
7%
(プレイヤー)は 刺されて死んだ
7%
(プレイヤー)は(プレイヤー/Mob)の(アイテム)に 刺されて死んだ
7%
(プレイヤー)は(プレイヤー/Mob)に 刺されて死んだ
7%
(プレイヤー)は(プレイヤー/Mob)から逃げようとして サボテンにぶつかった
6%
(プレイヤー)は ツタから滑り落ちた
6%
(プレイヤー)は(プレイヤー/Mob)と 戦いながらカリカリに焼けた
6%
トライデント (プレイヤー)は(プレイヤー/Mob)によって 突き抜かれた
6%
(プレイヤー)は(プレイヤー/Mob)の(アイテム)によって 突き抜かれた
6%
サボテン (プレイヤー)は サボテンが刺さって死んだ
5%
(プレイヤー)は ねじれツタから滑り落ちた
5%
(プレイヤー)は 鍾乳石に突き刺さった
5%
マグマブロック (プレイヤー)は 床が溶岩だったと気づいた
5%
棘の鎧のエンチャント (プレイヤー)は(プレイヤー/Mob)を 傷つけようとして殺された
5%
(プレイヤー)は(プレイヤー/Mob)を◯◯◯◯◯◯◯◯(アイテム)に◯◯◯◯◯ 傷つけようとして殺された
5%
(水中で落下) death.fell.accident.water
5%
(プレイヤー)は 足場から滑り落ちた
4%
落下中のブロック (プレイヤー)は 落下してきた金床に押しつぶされた
4%
(プレイヤー)は(プレイヤー/Mob)と 戦いながら雷に打たれた
4%
(プレイヤー)は 衝撃波に消し飛ばされた
4%
(プレイヤー)は(アイテム)を振るう(プレイヤー/Mob)から逃れようとして 衝撃波に消し飛ばされた
4%
(プレイヤー)は(プレイヤー/Mob)と 戦いながら壁の中で窒息した
4%
スイートベリーの低木 (プレイヤー)は スイートベリーの棘が刺さって死んだ
4%
(プレイヤー)は(プレイヤー/Mob)から逃げようとして スイートベリーの棘が刺さって死んだ
4%
(プレイヤー)は(プレイヤー/Mob)と 戦いながら干からびた
4%
(プレイヤー)は しだれツタから滑り落ちた
3%
(プレイヤー)は 落下してきたブロックに押しつぶされた
3%
(プレイヤー)は(プレイヤー/Mob)と 戦いながら火の中へ踏み入った
3%
ロケット花火 (プレイヤー)は 花火の爆発に巻き込まれた
3%
(プレイヤー)は(プレイヤー/Mob)に 妨害されて危険地帯に足を踏み入れた
3%
(プレイヤー)は(プレイヤー/Mob)と 戦いながら飢え死にした
3%
(プレイヤー)は(プレイヤー/Mob)と 戦いながら殺された
3%
(プレイヤー)は 水から落ちた
3%
(プレイヤー)は高い所から落下し、(プレイヤー/Mob)によって とどめを刺された
3%
(プレイヤー)は高い所から落下し、(プレイヤー/Mob)の(アイテム)によって とどめを刺された
3%
(プレイヤー)は 登る途中で落ちた
2%
(プレイヤー)は(プレイヤー/Mob)と 戦いながら鍾乳石に突き刺さった
2%
(プレイヤー)は 落ちてきた鍾乳石に串刺しにされた
2%
(プレイヤー)は(プレイヤー/Mob)の(アイテム)が 発射した花火の爆発に巻き込まれた
2%
(プレイヤー)は(プレイヤー/Mob)の 頭蓋骨に打たれた
2%
(プレイヤー)は(プレイヤー/Mob)の(アイテム)で 頭蓋骨に打たれた
2%
(プレイヤー)は ワールドの外側へと踏み出した
2%
(プレイヤー)は(プレイヤー/Mob)と 戦いながらワールドの外側へと踏み出した
2%
脱水 (プレイヤー)は 脱水で死んだ
2%
(プレイヤー)は(プレイヤー/Mob)から逃れようとして 脱水で死んだ
2%
未使用 (プレイヤー)は ドラゴンの息で炙り焼きにされた
2%
(プレイヤー)は(プレイヤー/Mob)の ドラゴンの息で炙り焼きにされた
2%
一時的にあった (プレイヤー)は この世界には甘すぎた
2%
(プレイヤー)は この世界には甘すぎた事を知った
2%
(プレイヤー)は 月の闇の面を体験した
2%
(プレイヤー)は 黄金に変えられた
2%
(プレイヤー)は 魔法の奔流に流された
0%
No matching quizzes found
Score Distribution
Percent of People with Each Score
Percentile by Number Answered
Your Score History
You have not taken this quiz